00381 2200157 4500001002100000005001700021020002200038035002500060082000800085100001100093245001000104250001000114260004400124300004400168990001100212INLIS00000000001246520150112162506.0 a978-979-605-955-3 a0010-011500000005238 a813 aHILMAN aLUPUS aCET.6 ajAKARTAbPT Gramedi Pustaka Utamac2007 a111 hlm.; ilus.; 11 x 18 cmc11 x 18 cm a20.144